header

Brookings trade forum 2004 (Record no. 54525)

MARC details
000 -LEADER
fixed length control field 01258nam a2200301Ia 4500
245 00 - TITLE STATEMENT
Title Brookings trade forum 2004
260 ## - PUBLICATION, DISTRIBUTION, ETC. (IMPRINT)
Place of publication Washington, D.C. :
Name of publisher Brookings Institution Press,
Year of publication c2004.
300 ## - PHYSICAL DESCRIPTION
Number of Pages xxxi, 311 p. :
Other physical details ill.
650 #0 - SUBJECT ADDED ENTRY--TOPICAL TERM
Topical Term Globalization
Topical Term Fiscal policy
700 1# - ADDED ENTRY--PERSONAL NAME
Personal name Collins, Susan Margaret.
Personal name Graham, Carol.
856 40 - ELECTRONIC LOCATION AND ACCESS
Uniform Resource Identifier http://site.ebrary.com/lib/rucke/Doc?id=10078481

No items available.

© 2026 Rongo University
Contact us: librarian | system librarian | Rongo university